1232 1252 1650 1202 1134 1107 1504 1439 1235 1982 1593 1782 1923 1542 1930 1279 1966 1894 1312 1037 1786 1972 1442 1497 1941 1636 1530 1001 1329 1676 1417 1420 1486 1998 1409 1245 1179 1485 1628 1299 1460 1102 1354 1443 1648 1942 1072 1448 1675 1357 1480 1278 1819 1281 1745 1014 1517 1195 1220 1555 1757 1933 1858 1387 1826 1616 1346 1966 1658 1610 1829 1608 1741 1216 1442 1830 1267 1027 1142 1658 1159 1274 1169 1669 1487 1229 1904 1661 1642 1606 1648 1282 1197 1041 1725 1308 1974 1388 1822 BCNSPRNW ULIB Ver.6.0+V

เปลี่ยนเป็นภาษาไทย

Change to English
 แสดงรายละเอียดบรรณานุกรม
  กลับหน้าหลัก

Brief Record : Get Marc (ISO 2709) : E-mail record : QR code < ปิดหน้าต่าง
LEADER : 00000nam 2200000uu 4500
001    13399114112
003     ULIB
008    120110s||||||||th 000 0 tha d
099    วจ.WY85^bก674ก
100 0  กิตติพร เนาว์สุวรรณ
245 00 การศึกษาความสัมพันธ์ระหว่างพฤติกรรมเชิงจริยธรรมกับความสามารถเชิงสมรรถนะหลักของพยาบาลวิชาชีพงานอุบัติเหตุฉุกเฉินในโรงพยาบาลชุมชน เขตภาคใต้/^cกิตติพร เนาว์สุวรรณ , ชุติมา จันทรประทิน , เสาพฤกษ์ ชื่นเจริญ และ สินีนาฏ เนาว์สุวรรณ
260    สงขลา :^bวิทยาลัยพยาบาลบรมราชชนนี สงขลา,^c2553
300    105 หน้า :^bตาราง
500    รายงานการวิจัย
650  7 พฤติกรรมเชิงจริยธรรม^xวิจัย
650  7 สมรรถนะหลักของพยาบาลวิชาชีพ^xวิจัย
700 02 ชุติมา จันทรประทิน
700 02 เสาพฤกษ์ ชื่นเจริญ
700 02 สินีนาฏ เนาว์สุวรรณ
710 1  วิทยาลัยพยาบาลบรมราชชนนี สงขลา
945    ^p0^l0^i030999
995    ทศพร
999 ^a ทศพร
รายการนี้ยังไม่มีแท็ก
คุณยังไม่ได้ล็อกอิน คุณสามารถมีกิจกรรมร่วมกับเว็บไซต์ได้ แต่ต้องล็อกอินก่อน ::
  ล็อกอิน

รายการสื่อสารสนเทศ

ลำดับที่ ประเภท เลขเรียก/บาร์โค้ด สถานที่ สถานะ
1. งานวิจัย
งานวิจัย
วจ.WY85 ก674ก ฉ.1 
  Barcode: 030999
ห้องสมุดวิทยาเขตสวรรค์ประชารักษ์
►วิจัย
บนชั้น

รายการใกล้เคียง
    ผู้แต่ง [กิตติพร เนาว์สุวรรณ]

BibComment


ยังไม่เคยถูกคอมเมนท์

คอมเมนท์ทรัพยากรรายการนี้
  คอมเมนท์: การศึกษาความสัมพั..


 Copyright 2026. Bcnsprnw @Library